000 00682cab a2200229 4500
001 WB2839-49
008 090401t1992 xxu||||| |||| 00| 0 eng d
035 _a(Sirsi) u32888
041 _aeng
245 _aWestern firms and eastern deals
260 _c1992
350 _a0
490 _aEuropean
_v8 October 1992, 42(1)
520 _aWarns that overseas companies could be paying over and above the market rent just to establish a presence in former East Germany.
650 _aBERLIN
650 _aDRESDEN
650 _aLEIPZIG
690 _aPROPERTY-COMMERCIAL PROPERTY-COMMERCIAL PROPERTY MARKET
690 _aOVERSEAS-EUROPE
942 _n0
948 _c04/03/1997
999 _c21975
_d21975